Handbook for engineers : Vol. 1 : Mathematics and Physics (Record no. 61431)
[ view plain ]
| 000 -LEADER | |
|---|---|
| fixed length control field | 00599nam a22001697a 4500 |
| 003 - CONTROL NUMBER IDENTIFIER | |
| control field | NUST-PNEC |
| 005 - DATE AND TIME OF LATEST TRANSACTION | |
| control field | 20170116180722.0 |
| 008 - FIXED-LENGTH DATA ELEMENTS--GENERAL INFORMATION | |
| fixed length control field | 141027b xxu||||| |||| 00| 0 eng d |
| 040 ## - CATALOGING SOURCE | |
| Transcribing agency | PNEC |
| 082 ## - DEWEY DECIMAL CLASSIFICATION NUMBER | |
| Classification number | 510.02 YAK |
| 100 ## - MAIN ENTRY--PERSONAL NAME | |
| 9 (RLIN) | 846 |
| Personal name | Yakovlev K P |
| 245 ## - TITLE STATEMENT | |
| Title | Handbook for engineers : Vol. 1 : Mathematics and Physics |
| Statement of responsibility, etc. | K P Yakovlev; G O Harding |
| 260 ## - PUBLICATION, DISTRIBUTION, ETC. | |
| Place of publication, distribution, etc. | Oxford : |
| Name of publisher, distributor, etc. | Pergamon Press, |
| Date of publication, distribution, etc. | c.1965. |
| 300 ## - PHYSICAL DESCRIPTION | |
| Extent | IX, 631 p. ; |
| Other physical details | tab. ; |
| Dimensions | 21 cm |
| 500 ## - GENERAL NOTE | |
| General note | https://www.worldcat.org/title/handbook-for-engineers-vol-1-mathematics-and-physics/oclc/859625029&referer=brief_results |
| 942 ## - ADDED ENTRY ELEMENTS (KOHA) | |
| Source of classification or shelving scheme | |
| Koha item type | Book |
| Withdrawn status | Lost status | Source of classification or shelving scheme | Damaged status | Not for loan | Permanent Location | Current Location | Shelving location | Date acquired | Source of acquisition | Cost, normal purchase price | Total Checkouts | Full call number | Barcode | Date last seen | Cost, replacement price | Price effective from | Koha item type |
|---|---|---|---|---|---|---|---|---|---|---|---|---|---|---|---|---|---|
| Pakistan Navy Engineering College (PNEC) | Pakistan Navy Engineering College (PNEC) | Reference | - | 0.00 | 510.02 YAK | PNECLIB-004154 | 10/27/2014 | 0.00 | Book |
